Implications of hydrophobicity and free energy of solvation for characterization of nucleic acids by electrospray ionization mass spectrometry /

সংরক্ষণ করুন:
গ্রন্থ-পঞ্জীর বিবরন
প্রধান লেখক: Null, Allison P.
অন্যান্য লেখক: Muddiman, David C., Nepomuceno, Angelito I.
বিন্যাস: প্রবন্ধ
ভাষা:English
বিষয়গুলি:
ট্যাগগুলো: ট্যাগ যুক্ত করুন
কোনো ট্যাগ নেই, প্রথমজন হিসাবে ট্যাগ করুন!
Thư viện lưu trữ: Thư viện Trường Đại học Đà Lạt
LEADER 00999nam a2200301 4500
001 DLU090096888
005 ##20091201
040 # # |a DLU  |b eng 
041 # # |a eng 
044 # # |a us 
100 # # |a Null, Allison P.  
245 # # |a Implications of hydrophobicity and free energy of solvation for characterization of nucleic acids by electrospray ionization mass spectrometry /  |c Allison P. Null, Angelito I. Nepomuceno, David C. Muddiman. 
653 # # |a Analytical chemistry  
653 # # |a Hydrophobicity 
653 # # |a Mass spectrometry 
653 # # |a Solvation 
700 # # |a Muddiman, David C. 
700 # # |a Nepomuceno, Angelito I. 
773 # # |t Analytical Chemistry  |g Vol. 75, no. 6 (March 2003), p. 1331-1339 
920 # # |a Phòng Tạp chí -- Trung tâm Thông tin - Thư viện Trường Đại học Đà Lạt 
994 # # |a DLU 
900 # # |a True 
911 # # |a Trương Bảo Trâm Anh 
925 # # |a G 
926 # # |a A 
927 # # |a BB 
980 # # |a Thư viện Trường Đại học Đà Lạt